000
00299nam a22001337a 4500
008
171020b xxu||||| |||| 00| 0 eng d
020
_a
0878358471
041
_a
eng
080
_a
338
100
_a
54
101
_a
MEN
245
_a
PRINCIPLES INFORMATION SYSTEMS
_c
STAIR.R.M
942
_2
udc
_c
BK
999
_c
35106
_d
35106